Представление документа в формате RUSMARC

ПолеНазваниеЗначение
  Тип записи a
  Библиографический уровень a
001 Контрольный номер RU/CBS_Ul/BASE/525957178
005 Дата корректировки 20240209175204.2
100 Данные общей обработки __
a Данные общей обработки 20160831d2016 ||| 0rusy0189 ca
101 Язык документа 0_
a Язык текста rus
102 Страна публикации __
a Страна публикации RU
105 Кодированные данные (монография) __
a Кодированные данные (монография) y###||||000|y
200 Заглавие и сведения об ответственности 1_
a Заглавие Нодар Владимирович Думбадзе
b Общее обозначение материала Текст
e Сведения, относящиеся к заглавию [грузинский советский писатель]
300 Общие примечания __
a Общие примечания Ограничения по возрасту - 6+
461 Уровень набора _0
1 2000
a Детская роман-газета
463 Уровень физической единицы _0
1 001RU/CBS_Ul/BASE/525955885
1 2000
a № 8
v С. 15
1 210
d 2016
600 Персоналии _0
a Персоналии (Фамилия) Думбадзе
b Персоналии (Имя, инициалы) Н.В.
606 Тематические рубрики 0_
a Основная рубрика Грузинское литературоведение - 20 в. - Писатели и поэты
610 Ключевые слова 0_
a Ключевые слова грузинские писатели
610 Ключевые слова 0_
a Ключевые слова советские писатели
610 Ключевые слова 0_
a Ключевые слова детские писатели
610 Ключевые слова 0_
a Ключевые слова грузинское литературоведение
686 Индексы других классификаций __
a Классификационный индекс 83.3(5Гру)
2 Код системы ББК
801 Источник записи _0
a Страна RU
b Организация МБУК ЦБС г. Ульяновска
c Дата составления 20160831
g Правила каталогизации RCR
801 Источник записи _1
a Страна RU
b Организация МБУК ЦБС г. Ульяновска
c Дата составления 20160831
g Правила каталогизации RCR
901 Тип документа __
t Тип документа b
w Контрольный № источника RU/CBS_Ul/BASE/525955885
910 Корректоры записи __
a Корректор записи Ильина
938 Служебная информация __
a Имя БД period